<?xml version="1.0" encoding="UTF-8"?>
<collection xmlns="http://www.loc.gov/MARC21/slim">
  <record>
    <leader>00000nam  2200000   4500</leader>
    <controlfield tag="001">INLIS000000000020677</controlfield>
    <controlfield tag="005">20250729031533</controlfield>
    <datafield tag="035" ind1="#" ind2="#">
      <subfield code="a">0010-0725000207</subfield>
    </datafield>
    <controlfield tag="007">ta</controlfield>
    <controlfield tag="008">250729################|##########|#|##</controlfield>
    <datafield tag="084" ind1="#" ind2="#">
      <subfield code="a">R 0035 PKA 2024</subfield>
    </datafield>
    <datafield tag="100" ind1=" " ind2="#">
      <subfield code="a">Afif Amirullah</subfield>
    </datafield>
    <datafield tag="245" ind1="1" ind2="#">
      <subfield code="a">Modernisasi Layanan Ketatausahaan Melalui Digitalisasi Arsip Persuratan Pada Bagian Umum Sekretariat Direktorat Jenderal Otonomi Daerah /</subfield>
      <subfield code="c">Afif Amirullah</subfield>
    </datafield>
    <datafield tag="260" ind1="#" ind2="#">
      <subfield code="a">Jakarta :</subfield>
      <subfield code="b">Pusbangkom Pimnas dan Manajerial ASN,</subfield>
      <subfield code="c">2024</subfield>
    </datafield>
    <datafield tag="300" ind1="#" ind2="#">
      <subfield code="a">65 hlm. ;</subfield>
      <subfield code="c">30 cm</subfield>
    </datafield>
    <datafield tag="650" ind1="#" ind2="4">
      <subfield code="a">Digitalisasi Arsip</subfield>
    </datafield>
    <datafield tag="650" ind1="#" ind2="4">
      <subfield code="a">Persuratan</subfield>
    </datafield>
    <datafield tag="520" ind1="#" ind2="#">
      <subfield code="a">Tantangan pengelolaan arsip persuratan secara manual yakni meliputi kesulitan dalam pencarian dan penelusuran dokumen, risiko kerusakan atau kehilangan arsip, serta penggunaan ruang fisik yang besar untuk penyimpanan dokumen-dokumen tersebut. Optimalisasi layanan ketatausahaan melalui digitalisasi arsip persuratan merupakan langkah strategis yang mendesak untuk diterapkan. Adanya sistem pengelolaan arsip yang telah digitalisasi, organisasi dapat lebih responsif terhadap dinamika lingkungan bisnis yang semakin kompleks dan cepat berubah. Digitalisasi juga memungkinkan terciptanya database arsip yang dapat diakses kapan saja dan dimana saja, mendukung mobilitas dan fleksibilitas kerja yang semakin dibutuhkan di era modern ini.</subfield>
    </datafield>
    <datafield tag="990" ind1="#" ind2="#">
      <subfield code="a">2024/1.2.3/A/0035</subfield>
    </datafield>
  </record>
</collection>
